El Carnicero de Lyon = Hôtel Terminus : The Life and Times of Klaus Barbie /
Documental sobre Klaus Barbie, mejor conocido como "El carnicero de Lyon". Como jefe de la Gestapo en Lyon, durante la ocupación nazi a Francia, fue el principal responsable de la tortura y muerte de miles de víctimas.
Αποθηκεύτηκε σε:
| Κύριος συγγραφέας: | |
|---|---|
| Άλλοι συγγραφείς: | , , , |
| Μορφή: | |
| Γλώσσα: | Αγγλικά |
| Έκδοση: |
Francia? :
Memory Pictures Company :
1988, c1988
|
| Θέματα: | |
| Ετικέτες: |
Δεν υπάρχουν, Καταχωρήστε ετικέτα πρώτοι!
|
MARC
| LEADER | 00000ngm^a2200000^a^4500 | ||
|---|---|---|---|
| 001 | 000050058 | ||
| 005 | 20250521000000.0 | ||
| 009 | 20260310090229.715 | ||
| 037 | |a Acervo ITESO - Biblioteca | ||
| 041 | |a ING | ||
| 082 | |a 840. |b OPH V. 2 | ||
| 100 | |a Ophüls, Marcel |e (realización) | ||
| 245 | 1 | 3 | |a El Carnicero de Lyon = |b Hôtel Terminus : The Life and Times of Klaus Barbie / |c Realización de M. Ophüls |
| 264 | 4 | |a Francia? : |b Memory Pictures Company : |c 1988, c1988 | |
| 264 | 2 | |a México : |b Videovisa [distribución], |c fecha no identificada | |
| 300 | |a 1 videocasete VHS |c (155 min.) | ||
| 336 | |a imagen móvil bidimensional |b tdi |2 rdacontenido | ||
| 337 | |a video |b v |2 rdamedio | ||
| 338 | |a videocasete |b vf |2 rdasoporte | ||
| 520 | |a Documental sobre Klaus Barbie, mejor conocido como "El carnicero de Lyon". Como jefe de la Gestapo en Lyon, durante la ocupación nazi a Francia, fue el principal responsable de la tortura y muerte de miles de víctimas. | ||
| 546 | |a En alemán, español, francés e inglés, con subtítulos en español | ||
| 586 | |a Premio Oscar, de la Academia Norteamericana de Cine (61°: 1988): Mejor Largometraje Documental (ganador) | ||
| 649 | |a XX | ||
| 650 | |a Cineastas Alemanes | ||
| 650 | |a Criminales de Guerra Alemanes | ||
| 650 | |a Documentales | ||
| 650 | |a Cine Francés - |y 1980-1989 | ||
| 650 | |a Cine Francés - |y Siglo XX | ||
| 650 | |a Bien y Mal | ||
| 650 | |a Crímenes de Guerra - |z Francia - |x Historia - |y Ocupación Alemana, 1940-1944 | ||
| 650 | |a Crímenes contra la Humanidad - |z Francia - |x Historia - |y Ocupación Alemana, 1940-1944 | ||
| 650 | |a Juicios Penales - |z Francia - |x Historia - |y 1981-1995 | ||
| 650 | |a Proceso Penal - |z Francia - |x Historia - |y 1981-1995 | ||
| 650 | |a Derecho Procesal Penal - |z Francia - |x Historia - |y 1981-1995 | ||
| 650 | |a Nazismo - |z Europa - |x Historia | ||
| 650 | |a Francia - |x Historia - |y Ocupación Alemana, 1940-1944 - |x Tema Principal | ||
| 650 | |a Francia - |x Historia - |y Siglo XX | ||
| 650 | |a Alemania - |x Historia - |y Tercer Reich, 1933-1945 - |x Tema Principal | ||
| 650 | |a Alemania - |x Historia - |y Siglo XX | ||
| 650 | |a Europa - |x Historia - |y 1939-1945 | ||
| 650 | |a Europa - |x Historia - |y 1918-1945 | ||
| 650 | |a Guerra Mundial (Segunda), 1939-1945 - |x Historia | ||
| 650 | |a Barbie, Klaus - |x Tema Principal | ||
| 700 | |a Ophüls, Marcel |e (guión) | ||
| 700 | |a Aaronson, Reuben |e (fotógrafo) | ||
| 700 | |a Jurgenson, Albert |e (montaje) | ||
| 700 | |a Zins, Catherine |e (montaje) | ||
| 910 | |a Fondo General | ||
| 920 | |a Audiovisuales - Videocasetes | ||
| 940 | |a Películas | ||
| 905 | |a 301 | ||
| 901 | |a 0500004009 |b IT2 |c VIS |u 20250521 | ||
| 902 | |a https://opac.biblio.iteso.mx/vufind/Record/000050058 | ||